| 000 | 00856nam a2200217Ia 4500 | ||
|---|---|---|---|
| 003 | 0 | ||
| 005 | 20250122143848.0 | ||
| 008 | 150126s9999 xx 000 0 und d | ||
| 050 |
_aPHS HC 103 _b.L864 2014 |
||
| 100 | _aLopez, Nicole A. | ||
| 245 | 2 |
_aA critical review of the United States of America's economic journey to prosperity / _cNicole A. Lopez. |
|
| 260 |
_aLas PiƱas City, Philippines : _bSouthville International School and Colleges, _c2014. |
||
| 300 |
_a30 pages : _billustration ; _c28 cm. |
||
| 504 | _aIncludes bibliographical references. | ||
| 650 |
_aProsperity _zUnited States _vHistory. |
||
| 650 |
_aUnited States _vEconomic policy _xHistory. |
||
| 650 |
_aEconomic development _zUnited States _vHistory. |
||
| 650 |
_aEconomic history _zUnited States. |
||
| 651 |
_aUnited States _vEconomic conditions _xHistory. |
||
| 942 |
_2lcc _cPASS |
||
| 999 |
_c278714 _d278714 |
||